000 00455nam a2200181Ia 4500
005 20250508151742.0
008 008 250505s9999 xx 000 0 hin d
037 _aTextual
040 _aFEDL
_beng
_cFEDL
041 _ahin
_2eng
084 _a891.432, HAR
_qFEDL
100 _aHarikrishan
245 0 _aMitra
260 _aDelhi, India
_bVani Mandir
300 _a103p.
942 _cTEXL
_h891.432, HAR
999 _c1331918
_d1331918